| 000 | 00468nam a2200145 a 4500 | ||
|---|---|---|---|
| 001 | 000028909 | ||
| 005 | 20200930055219.0 | ||
| 008 | 110412s2006 dr 000 0 spa d | ||
| 040 |
_aDO-SdBNP _bspa _cBNPHU |
||
| 245 | 0 | 0 | _aExtratos de las resoluciones de interés general de la Suprema Corte de Justicia 2005 /. |
| 260 |
_aSanto domingo : _bEditora Gaceta Judicila, _c2006. |
||
| 300 |
_a83 p. ; _c22 cm. |
||
| 710 | 2 |
_aSuprema Corte de Justicia _935963 |
|
| 049 | _aBNPD | ||
| 999 |
_c28401 _d28401 |
||